000 00369pab a2200145 454500
008 180718b2000 xxu||||| |||| 00| 0 eng d
100 _aJoseph, Helen
245 _aSalokha: a response to communal riots, a social disaster
260 _c2000
300 _ap.664-74
362 _aOct
650 _aRiots
773 _aIndian Journal of Social Welfare
909 _a47263
999 _c47263
_d47263